[Event "Heusenstamm Schloss op"]
[Site "Heusenstamm"]
[Date "2023.11.26"]
[Round "6"]
[White "Diehl, Stefan"]
[Black "Mayer, Frank1"]
[Result "0-1"]
[WhiteElo "1789"]
[BlackElo "2006"]
[PlyCount "50"]
[EventDate "2023.11.23"]
[EventType "swiss"]
[EventRounds "7"]
[EventCountry "GER"]
[SourceTitle "CB50_2023"]
[SourceDate "2023.12.13"]
[SourceVersion "1"]
[SourceVersionDate "2023.12.13"]
[SourceQuality "1"]

1. f4 d5 2. Nf3 Bg4 3. e3 Nd7 4. d4 Ngf6 5. Be2 e6 6. Nbd2 c5 7. 0-0 Be7 8. b3 cxd4 9. exd4 Qc7 10. c4 Qxf4 11. Nb1 Qc7 12. Nc3 a6 13. Be3 0-0 14. Rc1 Ba3 15. Rc2 Bf5 16. Bd3 Bxd3 17. Qxd3 dxc4 18. bxc4 Be7 19. Ng5 h6 20. Nge4 Rad8 21. Bf4 Qb6 22. c5 Nxc5 23. Nxc5 Rxd4 24. Qe3 Bxc5 25. Na4 Rxa4 0-1

[Event "Frankfurt-chA"]
[Site "Frankfurt"]
[Date "2019.06.03"]
[Round "6"]
[White "Diehl, Stefan"]
[Black "Jurkic, Bosiljko"]
[Result "1/2-1/2"]
[WhiteElo "1771"]
[BlackElo "1956"]
[PlyCount "41"]
[EventDate "2019.04.29"]
[EventType "swiss"]
[EventRounds "7"]
[EventCountry "GER"]
[SourceTitle "EXT 2020"]
[Source "ChessBase"]
[SourceDate "2019.10.17"]
[SourceVersion "1"]
[SourceVersionDate "2019.10.17"]
[SourceQuality "1"]

1. f4 b6 2. Nf3 Bb7 3. e3 Nf6 4. Be2 c5 5. c4 e6 6. Nc3 Be7 7. b3 0-0 8. 0-0 d5 9. cxd5 exd5 10. d4 Nc6 11. Ne5 cxd4 12. exd4 Nxd4 13. Bd3 Qc8 14. Na4 b5 15. Nb2 Ba3 16. Kh1 Nf5 17. Qe1 a6 18. Na4 bxa4 19. Bxa3 Re8 20. Rc1 Qe6 21. Rc7 1/2-1/2

[Event "Frankfurt-chA"]
[Site "Frankfurt"]
[Date "2016.06.06"]
[Round "6"]
[White "Kuhn, Gerhard"]
[Black "Diehl, Stefan"]
[Result "1-0"]
[WhiteElo "1901"]
[BlackElo "1699"]
[PlyCount "81"]
[EventDate "2016.04.25"]
[EventType "swiss"]
[EventRounds "9"]
[EventCountry "GER"]
[SourceTitle "EXT 2018"]
[Source "ChessBase"]
[SourceDate "2017.10.13"]
[SourceVersion "1"]
[SourceVersionDate "2017.10.13"]
[SourceQuality "1"]

1. e4 d5 2. exd5 Qxd5 3. Nc3 Qd6 4. d4 Nf6 5. Bd3 c6 6. Nge2 g6 7. Bf4 Qd8 8. 0-0 Bg7 9. Qd2 0-0 10. Ne4 Nxe4 11. Bxe4 Nd7 12. Rad1 Nf6 13. Bd3 Bg4 14. c3 Qa5 15. a3 Rad8 16. h3 Be6 17. b4 Qd5 18. Bc7 Rc8 19. Nf4 Qd7 20. Nxe6 Qxe6 21. Rfe1 Qd7 22. Be5 e6 23. a4 Ne8 24. Qe2 Nf6 25. a5 Nd5 26. Qd2 b6 27. Bxg7 Kxg7 28. axb6 axb6 29. Ra1 Ra8 30. Be4 Qd6 31. Bf3 b5 32. g3 Nb6 33. h4 Ra4 34. h5 Rfa8 35. Rxa4 Rxa4 36. Kg2 Nc4 37. Qc1 f6 38. hxg6 hxg6 39. Rh1 g5 40. Rh2 Qe7 41. Qh1 1-0